000 00607nam a22001817a 4500
005 20251108164327.0
008 250721s1992 xx 000 0 ara d
082 1 4 _a388.32/محم
100 1 _aفؤاد، محمد البديوي
245 1 0 _aتنظيم نقل البضائع بالسيارات :
_bللمشروعات التجارية الصناعية /
264 1 _aالقاهره :
_bالهيئة المصرية العامة للكتاب،
_c1992.
300 _a207ص
650 1 7 _aالنقل البري
650 1 7 _aالسيارات
650 1 7 _aالشحن
942 _2ddc
_cBK
999 _c9425
_d9425